000 00282nam a2200097Ia 4500
008 240331s9999 xx 000 0 und d
082 _bWIJ
100 _aWijesriwardhana, S
245 0 _aNaveenathuvathin nerukkadikalum sirantha manuda ulakai nirmanippathatkana vaippukkalum
942 _cL
999 _c4261
_d4261